| 000 | 01535nam a2200313Ia 4500 | ||
|---|---|---|---|
| 005 | 20220316235555.0 | ||
| 008 | 121119s2002 sp a gr 000 j spa | ||
| 020 | _a8434837730 | ||
| 041 | 1 | _aspa | |
| 100 | 1 |
_aNostlinger, Christine _d1936- |
|
| 245 | 1 | 0 |
_aAna esta furiosa _cChristine Nostlinger ; ilustraciones de Arnal Ballester ; traducción, Carmen Bas |
| 250 | _aPrimera edición | ||
| 300 |
_a64 páginas _bilustraciones _c20 cm |
||
| 490 | 0 | _aEl barco de vapor : blanca | |
| 520 | 3 | _aAna es una niña con un gran problema: se enfada por todo. Cualquier cosa la pone furiosa. Aunque todos intentan ayudarla, ella no lo acepta y se pone aún más agresiva con quien lo intenta. Ella también se da cuenta de su comportamiento y quiere cambiar. Pero no lo consigue. Su abuelo le compra un tambor. Cuando está enfadada, lo toca y el enfado se le pasa. Así logra vencer su problema. Ana ya no se enfada tanto y todos quieren ser sus amigos y desean que toque el tambor | |
| 521 | 1 | _aRecomendado para niños a partir de 7 años | |
| 650 | 1 | 4 |
_aCuentos infantiles alemanes _2LEMB |
| 650 | 1 | 4 |
_aLiteratura infantil alemana _2LEMB |
| 650 | 1 | 4 |
_aLibros y lectura para niños _2LEMB |
| 700 | 1 |
_aBallester, Arnal _eilustrador _939053 |
|
| 700 | 1 |
_aBas, Carmen _etraductor _939054 |
|
| 942 |
_2loc _cBKINF |
||
| 264 |
_aMadrid _bS. M. _c2002 |
||
| 336 |
_atexto _btxt _2rdacontent |
||
| 337 |
_asin mediación _bn _2rdamedia |
||
| 338 |
_avolumen _bnc _2rdacarrier |
||
| 040 |
_aCO-BoRNBP _bspa _erda _cCO-BoRNBP |
||
| 084 | _aC NOS1 | ||
| 999 |
_c1409 _d1409 |
||